Type 2 Diabetes in Childhood and Adolescence. (Record no. 8171)

MARC details
000 -LEADER
fixed length control field 00624nam a22001937a 4500
003 - CONTROL NUMBER IDENTIFIER
control field OSt
005 - DATE AND TIME OF LATEST TRANSACTION
control field 20231002080220.0
008 - FIXED-LENGTH DATA ELEMENTS--GENERAL INFORMATION
fixed length control field 231002b |||||||| |||| 00| 0 eng d
020 ## - INTERNATIONAL STANDARD BOOK NUMBER
International Standard Book Number 11841842958
040 ## - CATALOGING SOURCE
Transcribing agency DNML
082 ## - DEWEY DECIMAL CLASSIFICATION NUMBER
Classification number WK 835 T98m 2003.
100 ## - MAIN ENTRY--PERSONAL NAME
Personal name Edited by Silink, Martin,Kida,Kaichi;Rosebloom,Arlan L;
9 (RLIN) 16687
245 ## - TITLE STATEMENT
Title Type 2 Diabetes in Childhood and Adolescence.
Remainder of title A Global Perspective.
Statement of responsibility, etc. Edited by Silink, Martin,Kida,Kaichi;Rosebloom,Arlan L;
260 ## - PUBLICATION, DISTRIBUTION, ETC. (IMPRINT)
Place of publication, distribution, etc. London;
Name of publisher, distributor, etc. Martin Dunitz,
Date of publication, distribution, etc. 2003.
300 ## - PHYSICAL DESCRIPTION
Extent viii,263p;
Other physical details ill;
504 ## - BIBLIOGRAPHY, ETC. NOTE
Bibliography, etc includes index
650 ## - SUBJECT ADDED ENTRY--TOPICAL TERM
Topical term or geographic name as entry element medicine.
9 (RLIN) 324
942 ## - ADDED ENTRY ELEMENTS (KOHA)
Source of classification or shelving scheme Other/Generic Classification Scheme
Koha item type Open Shelf
Holdings
Withdrawn status Lost status Source of classification or shelving scheme Damaged status Not for loan Home library Current library Date acquired Source of acquisition Inventory number Total Checkouts Full call number Barcode Date last seen Price effective from Koha item type
    Other/Generic Classification Scheme     MUST Main Library MUST Main Library 02/10/2023 purchase 06/26189   WK 835 T98m 2003. 2023-0542 02/10/2023 02/10/2023 Open Shelf